| 000 | 00722nam a2200241Ia 4500 | ||
|---|---|---|---|
| 001 | 3090 | ||
| 003 | GE_BSU | ||
| 008 | 181216s||||||||xx |||||||||||||| ||und|| | ||
| 020 | _a5862255850 | ||
| 040 | _cGE_BSU | ||
| 080 | _a339.1(075.8) | ||
| 100 | _aШерер Ф, Росс Д | ||
| 245 | _aСтруктура отраслевых рынков | ||
| 245 | _bпер. с англ. Industrial Market Structure And Performance. Учебник | ||
| 245 | _cНауч. ред :Н.М. Розанова | ||
| 260 | _aМосква | ||
| 260 | _bИНФРА-М | ||
| 260 | _c1997 | ||
| 300 | _a698 с. 24 см. | ||
| 541 | _h27 л. 55 т. | ||
| 653 | _aСтруктура отраслевых рынков | ||
| 942 | _cBK | ||
| 999 |
_c37134 _d37134 |
||